| 000 | 00774nam a2200253 a 4500 | ||
|---|---|---|---|
| 001 | 000042510 | ||
| 005 | 20201002040213.0 | ||
| 008 | 131205s1983 sp 000 0 spa d | ||
| 020 | _a8402097383 | ||
| 040 |
_aDO-SdBNP _bspa _cBNPHU |
||
| 041 | 1 | 7 |
_aspa _heng |
| 082 |
_axxx _bxxx |
||
| 100 | 1 |
_aMacDonald, Philip, _d1901-1980. _969711 |
|
| 240 | 1 | 0 |
_aMurder gone mad _lEspañol |
| 245 | 1 | 3 |
_aEl asesino se ha vuelto loco / _cPhilip MacDonald ; traducción del inglés, G. y L Gossé. |
| 260 |
_aBarcelona : _bBruguera, _c1983. |
||
| 300 |
_a286 p. ; _c18 cm. |
||
| 490 | 1 |
_aNaranja _v23 |
|
| 490 | 1 |
_aMisterio _v123 |
|
| 700 | 1 | 2 |
_aGossé, G. _etr. _969712 |
| 700 | 1 | 2 |
_aGossé, L. _etr. _d1916-2001 _969713 |
| 830 | 0 |
_aNaranja _n23 _969714 |
|
| 830 | 0 |
_aMisterio _n123 _969715 |
|
| 999 |
_c41999 _d41999 |
||